000
00198 a2200097 4500
001
9365
100
_a
Lacouture, J
245
_a
Egypt in transition
260
_a
_b
Methuen
_c
090
_c
7526
_d
7526
942
_a
NUST-CAE
_c
M
_c
34185
999
_c
244438
_d
244438